World of Islam Today (Record no. 8975)

MARC details
000 -LEADER
fixed length control field 00577nam a2200241 a 4500
020 ## - INTERNATIONAL STANDARD BOOK NUMBER
ISBN
082 00 - DEWEY DECIMAL CLASSIFICATION NUMBER
Classification number 909.097671
Author Cutter ZAI
100 ## - MAIN ENTRY--AUTHOR NAME
Author name Saidi, A M
245 ## - TITLE STATEMENT
Title World of Islam Today
260 ## - PUBLICATION, DISTRIBUTION, ETC. (IMPRINT)
Place of publication Delhi
Name of publisher India International Centre
Year of publication 1990
300 ## - PHYSICAL DESCRIPTION
Number of Pages 362p
500 ## - GENERAL NOTE
General note includes index and biblioraphy
505 2# - FORMATTED CONTENTS NOTE
Formatted contents note Bibliography
650 ## - SUBJECT ADDED ENTRY--TOPICAL TERM
Topical Term Islamic-Countries
942 ## - ADDED ENTRY ELEMENTS (KOHA)
Koha item type Books
700 1# -
-- Saidi, A M
Holdings
Collection code Home library Current library Date acquired Cost, normal purchase price Full call number Accession Number Koha item type
  Henry Martyn Institute Library Henry Martyn Institute Library 06/05/2007 350.00 909.097671 ZAI 014091 Books
                   Copyright © 2026 | Henry Martyn Institute | Hyderabad | TS-500052 | INDIA | Implemented by hmi.edu.in
Hit-Count:

Powered by Koha